Jak na krizi 33 okamžitých opatření pro vaši firmu

Gespeichert in:
Bibliographische Detailangaben
1. Verfasser: Simon, Hermann
Weitere Verfasser: Škapová, Hana
Format: Buch
Sprache:Tschechisch
Veröffentlicht: Praha Management Press 2009
Schlagworte:
Tags: Tag hinzufügen
Keine Tags, Fügen Sie das erste Tag hinzu!

MARC

LEADER 00000nam$a2200000$$$4500
001 0113629
005 20240313085921.2
020 |a 978-80-7261-204-8 
041 0 |a cze 
044 |a CZ 
245 1 0 |a Jak na krizi  |b 33 okamžitých opatření pro vaši firmu  |c Hermann Simon ; přeložila: Hana Škapová 
264 1 |a Praha  |b Management Press  |c 2009 
300 |a 204 s. 
610 2 0 |a kríza 
610 2 0 |a firmy 
610 2 0 |a opatrenia 
610 2 0 |a zákazníci 
610 2 0 |a náklady 
610 2 0 |a predaj 
610 2 0 |a ponuka 
610 2 0 |a ceny 
610 2 0 |a služby 
100 1 |a Simon, Hermann 
700 1 |a Škapová, Hana